| 000 | 01414nam a2200337 i 4500 | ||
|---|---|---|---|
| 001 | 768714001 | ||
| 003 | CO-MdFUSB | ||
| 005 | 20250409091958.0 | ||
| 007 | ta | ||
| 008 | 240530b2007 -us |||| |||| 001 0deng d | ||
| 020 | _a978-08028-2553-7 | ||
| 040 |
_aCO-MdFUSB _bspa _cCO-MdFUSB _dCO-MdFUSB _erda |
||
| 041 | 0 | _aeng | |
| 082 | 0 | 4 |
_223 _a227.9207 _bG796 |
| 100 | 1 |
_aGreen, Joel B. _eautor |
|
| 245 | 0 | 0 |
_a1 Peter _c/ Joel B. Green |
| 264 | 1 |
_aMichigan, Estados Unidos : _bWm. B. Eerdmans Publishing Company, _c[2007] |
|
| 264 | 4 | _c©2007 | |
| 300 |
_a331 páginas _c; 23 cm |
||
| 336 |
_2rdacontent _atexto _btxt |
||
| 337 |
_2rdamedia _asin mediación _bn |
||
| 338 |
_2rdacarrier _avolumen _bnc |
||
| 490 | _aThe two horizons New Testament commentary, | ||
| 505 | _tOrientación. -- Comentarios. -- Horizontes teológicos. | ||
| 520 | _aAunque la carta de 1 Pedro ha quedado a veces eclipsada por las muchas cartas de Pablo en el Nuevo Testamento, no deja de ser distintiva por la claridad con la que presenta el mensaje cristiano. En este volumen, Joel Green ofrece un análisis claro, párrafo por párrafo, de 1 Pedro y, más aún, desentraña la teología de la carta de maneras que van más allá del comentario moderno típico. | ||
| 563 | _aRústica | ||
| 630 | 0 | 7 |
_aBiblia. _pPedro, 1ª _xCrítica, interpretación, etc. |
| 942 | _cBK | ||
| 945 | _aLuz Peña | ||
| 999 |
_c44066 _d44066 |
||